000 00743nam a2200253Ia 4500
001 dia_2381
003 CHAP
005 20251027152955.0
008 220117s1993 xx 000 0 und d
010 _a172903
040 _cCHAP
082 _a658.3 S3
100 _aSánchez Lozano, Alfonso
_9152717
245 _aEl Plan de Negocios del Emprendedor /
_c por Alfonso Sánchez Lozano y Humberto Cantú Delgado
260 _aMéxico :
_b Mcgraw-Hill,
_c1993
300 _a211 p.
500 _aC/e
650 _a1.Administración de empresas/
_9146960
650 _aNegocios
_xpronósticos.
_980699
901 _a658.3 S3
902 _aM
905 _a0000001993 MEXX 0000000000ESP00
942 _cLIBRO
_2ddc
999 _c172903
_d172903